The making of Pakistan / (Record no. 549825)
[ view plain ]
| 000 -LEADER | |
|---|---|
| fixed length control field | 00866cam a2200205 i 4500 |
| 082 00 - DEWEY DECIMAL CLASSIFICATION NUMBER | |
| Classification number | 954.91 |
| Author Mark | SYM |
| -- | L-28, P-46 |
| 100 1# - MAIN ENTRY--PERSONAL NAME | |
| Personal name | Symonds, Richard, |
| 9 (RLIN) | 46503 |
| 245 14 - TITLE STATEMENT | |
| Title | The making of Pakistan / |
| Statement of responsibility, etc. | by Richard Symonds. |
| 260 ## - PUBLICATION, DISTRIBUTION, ETC. | |
| Place of publication, distribution, etc. | Islamabad : |
| Name of publisher, distributor, etc. | National Committee for Birth Centenary Celebrations of Quaid-i-Azam Mohammad Ali Jinnah, Ministry of Education, Govt. of Pakistan, |
| Date of publication, distribution, etc. | 1976. |
| 300 ## - PHYSICAL DESCRIPTION | |
| Extent | 231 p., [1] leaf of plates : |
| Other physical details | maps ; |
| Dimensions | 23 cm. |
| 500 ## - GENERAL NOTE | |
| General note | "The culture of Pakistan, by Ahmed Ali": p. 195-216. |
| 500 ## - GENERAL NOTE | |
| General note | Includes index. |
| 500 ## - GENERAL NOTE | |
| General note | On verso of t.p.: National Book Foundation edition, 1976. |
| 500 ## - GENERAL NOTE | |
| General note | Reprint of the 1950 ed. published by Faber & Faber, London. |
| 526 ## - STUDY PROGRAM INFORMATION NOTE | |
| Program name | 0 |
| Interest level | 0 |
| Reading level | 0 |
| Title point value | 954_910000000000000_SYM |
| 526 ## - STUDY PROGRAM INFORMATION NOTE | |
| Program name | 0 |
| Interest level | 0 |
| Reading level | 0 |
| Title point value | 954_910000000000000_SYM |
| 650 #0 - SUBJECT ADDED ENTRY--TOPICAL TERM | |
| Topical term or geographic name entry element | MCE |
| 9 (RLIN) | 379 |
| 650 #0 - SUBJECT ADDED ENTRY--TOPICAL TERM | |
| Topical term or geographic name entry element | Pakistan movement. |
| 9 (RLIN) | 203 |
| 942 ## - ADDED ENTRY ELEMENTS (KOHA) | |
| Source of classification or shelving scheme | |
| Koha item type | Book |
| Withdrawn status | Lost status | Source of classification or shelving scheme | Damaged status | Not for loan | Permanent Location | Current Location | Date acquired | Total Checkouts | Total Renewals | Full call number | Barcode | Date last seen | Date last checked out | Price effective from | Koha item type |
|---|---|---|---|---|---|---|---|---|---|---|---|---|---|---|---|
| Military College of Engineering (MCE) | Military College of Engineering (MCE) | 10/15/2014 | 2 | 2 | 954.91 SYM | MCE-30958 | 02/06/2017 | 12/19/2016 | 10/15/2014 | Book | |||||
| Military College of Engineering (MCE) | Military College of Engineering (MCE) | 10/15/2014 | 2 | 1 | 954.91 SYM | MCE-30969 | 02/08/2017 | 12/21/2016 | 10/15/2014 | Book |
